Law of Torts: Along with Consumer Protection Act,1986 and compensation Under Motor Vehicles Act (Record no. 6409)

MARC details
000 -LEADER
fixed length control field 00472nam a22001697a 4500
005 - DATE AND TIME OF LATEST TRANSACTION
control field 20210904102753.0
008 - FIXED-LENGTH DATA ELEMENTS--GENERAL INFORMATION
fixed length control field 200521b xxu||||| |||| 00| 0 eng d
020 ## - INTERNATIONAL STANDARD BOOK NUMBER
ISBN 978938485251
041 ## - LANGUAGE CODE
Language code of text/sound track or separate title eng
082 ## - DEWEY DECIMAL CLASSIFICATION NUMBER
Classification number 346 KAP
100 ## - MAIN ENTRY--AUTHOR NAME
Personal name Kapoor's Dr. S.K
245 ## - TITLE STATEMENT
Title Law of Torts: Along with Consumer Protection Act,1986 and compensation Under Motor Vehicles Act
260 ## - PUBLICATION, DISTRIBUTION, ETC. (IMPRINT)
Place of publication Allahabad
Name of publisher Central Law Agency
300 ## - PHYSICAL DESCRIPTION
Number of Pages 588p.
650 ## - SUBJECT ADDED ENTRY--TOPICAL TERM
Topical Term Law
942 ## - ADDED ENTRY ELEMENTS (KOHA)
Koha item type Books
Holdings
Lost status Damaged status Collection code Home library Current library Shelving location Date acquired Source of acquisition Cost, normal purchase price Full call number Accession Number Koha item type
    Reference JRU Library JRU Library SHELF -1-B 02/06/2020 PURCHASE 460.00 346 KAP 24312 Books
    LAW JRU Library JRU Library SHELF-29-C 02/06/2020 PURCHASE 460.00 346 KAP 24313 Books
    LAW JRU Library JRU Library SHELF-29-C 02/06/2020 PURCHASE 460.00 346 KAP 24314 Books